| 000 | 00000nam 2200000za 4500 |
| 001 | 9.844762 |
| 003 | CaOODSP |
| 005 | 20221107152819 |
| 007 | cr ||||||||||| |
| 008 | 170928s2017 onc #oz f000 0 fre d |
| 020 | |a978-0-660-20397-3 |
| 040 | |aCaOODSP|bfre |
| 041 | |afre|aeng |
| 043 | |an-cn---|ae-fr--- |
| 086 | 1 |aFR4-2017/21-PDF |
| 245 | 00|aFrance / Social Security - Agreement between the Government of Canada and the Government of the French Republic on Social Security |h[ressource électronique] = |bFrance / Sécurité sociale - Accord entre le Gouvernement du Canada et le gouvernement de la République française sur la sécurité sociale |
| 246 | 11|aFrance / Sécurité sociale - Accord entre le Gouvernement du Canada et le gouvernement de la République française sur la sécurité sociale |
| 260 | |a[Ottawa] : |bTreaty Law Division of the Department of Foreign Affairs, Trade and Development = Direction du droit des traités du ministère des Affaires étrangères, du commerce et du développement, |cc2017. |
| 300 | |a22, 22 p. |
| 490 | 1 |aTreaty series = Recueil des traités ; |v2017/21 |
| 500 | |a« Fait à Ottawa le 14 mars 2013, En vigueur : le 1er août 2017. » |
| 500 | |aNumérotation répétées sur les pages suppléants. |
| 520 | |a« Le Gouvernement du Canada et le gouvernement de la République française résolus à renforcer les relations entre les États contractants dans le domaine de la sécurité sociale et à adapter l’Accord entre le Canada et la France sur la sécurité sociale, fait à Ottawa le 9 février 1979, à l’évolution des législations nationales. » -- p. 1. |
| 546 | |aTexte en anglais et en français. |
| 692 | 07|2gccst|aAccord international |
| 692 | 07|2gccst|aSécurité sociale |
| 692 | 07|2gccst|aLégislation |
| 710 | 1 |aCanada. |bAffaires mondiales Canada. |bDirection du droit des traités. |
| 791 | |tFrance / Social Security - Agreement between the Government of Canada and the Government of the French Republic on Social Security |eeng|w(CaOODSP)9.844756 |
| 830 | #0|aCanada treaty series ;|v2017/21.|w(CaOODSP)9.811738 |
| 856 | 40|qPDF|s322 Ko|uhttps://publications.gc.ca/collections/collection_2017/amc-gac/FR4-2017-21.pdf |